Catálogo

System requirements analysis / (Registro nro. 66886)

Detalles MARC
000 -LEADER
fixed length control field 00741nam a2200241 u 4500
001 - CONTROL NUMBER
control field 66886
005 - DATE AND TIME OF LATEST TRANSACTION
control field 20180714074833.0
008 - FIXED-LENGTH DATA ELEMENTS--GENERAL INFORMATION
fixed length control field 170315s2014 xxua r 000 0 eng d
020 ## - INTERNATIONAL STANDARD BOOK NUMBER
International Standard Book Number 9780124171077
041 0# - LANGUAGE CODE
Language code of text/sound track or separate title eng
082 0# - DEWEY DECIMAL CLASSIFICATION NUMBER
Classification number 620.001171
Item number GRA
100 1# - MAIN ENTRY--PERSONAL NAME
Personal name Grady, Jeffrey O.,
Relator term autor
245 10 - TITLE STATEMENT
Title System requirements analysis /
Statement of responsibility, etc. Jeffrey O. Grady.
250 ## - EDITION STATEMENT
Edition statement Second edition
264 #1 - PRODUCTION, PUBLICATION, DISTRIBUTION, MANUFACTURE, AND COPYRIGHT NOTICE
Place of production, publication, distribution, manufacture United States of America :
Name of producer, publisher, distributor, manufacturer Elsevier
Date of production, publication, distribution, manufacture, or copyright notice 2014
300 ## - PHYSICAL DESCRIPTION
Extent xxx, 801 páginas :
Other physical details ilustraciones ;
Dimensions 24 cm.
336 ## - CONTENT TYPE
Content type term texto
Source rdacontent
337 ## - MEDIA TYPE
Media type term sin mediación
Source rdamedia
338 ## - CARRIER TYPE
Carrier type term volumen
Source rdacarrier
490 0# - SERIES STATEMENT
Series statement Elsevier Insights
650 #4 - SUBJECT ADDED ENTRY--TOPICAL TERM
Topical term or geographic name entry element Ingeniería de sistemas
650 #4 - SUBJECT ADDED ENTRY--TOPICAL TERM
Topical term or geographic name entry element Analisis del sistema
Existencias
Withdrawn status Lost status Source of classification or shelving scheme Damaged status Not for loan Collection code Home library Current library Shelving location Date acquired Source of acquisition Inventory number Total Checkouts Full call number Barcode Date last seen Price effective from Koha item type Date last checked out
    Dewey Decimal Classification     General Biblioteca Karol Wojtyla Biblioteca Karol Wojtyla Sala general 18/03/2017 Compra 151000000000000000003507   620.001171 GRA 2014 97141 05/01/2026 18/03/2017 Libro  
    Dewey Decimal Classification     General Biblioteca Karol Wojtyla Biblioteca Karol Wojtyla Sala general 15/03/2017 Compra 151000000000000000003506 2 620.001171 GRA 2014 97140 05/01/2026 18/03/2017 Libro 21/07/2025